U.S. States by Date of Admittance - Statistics

General Stats
  • This quiz has been taken 24 times
  • The average score is 28 of 50
Answer Stats
Date State % Correct
December 7, 1787 Delaware
95%
December 12, 1787 Pennsylvania
85%
December 18, 1787 New Jersey
80%
January 9, 1788 Connecticut
75%
January 2, 1788 Georgia
75%
April 28, 1788 Maryland
70%
February 6, 1788 Massachusetts
70%
January 3, 1959 Alaska
65%
August 21, 1959 Hawaii
65%
June 21, 1788 New Hampshire
65%
July 26, 1788 New York
65%
March 1, 1803 Ohio
65%
May 23, 1788 South Carolina
65%
June 1, 1796 Tennessee
65%
March 4, 1791 Vermont
65%
June 25, 1788 Virginia
65%
December 3, 1818 Illinois
60%
December 11, 1816 Indiana
60%
June 1, 1792 Kentucky
60%
April 30, 1812 Louisiana
60%
December 10, 1817 Mississippi
60%
January 6, 1912 New Mexico
60%
November 21, 1789 North Carolina
60%
May 29, 1790 Rhode Island
60%
December 14, 1819 Alabama
55%
February 14, 1912 Arizona
55%
September 9, 1850 California
55%
January 29, 1861 Kansas
55%
March 15, 1820 Maine
55%
August 10, 1821 Missouri
55%
February 14, 1859 Oregon
55%
November 16, 1907 Oklahoma
50%
December 29, 1845 Texas
50%
January 4, 1896 Utah
50%
June 15, 1836 Arkansas
45%
July 3, 1890 Idaho
45%
November 11, 1889 Washington
45%
June 20, 1863 West Virginia
45%
July 10, 1890 Wyoming
45%
January 26, 1837 Michigan
40%
May 11, 1858 Minnesota
40%
November 8, 1889 Montana
40%
March 3, 1845 Florida
35%
December 28, 1846 Iowa
35%
March 1, 1867 Nebraska
35%
November 2, 1889 North Dakota
35%
November 2, 1889 South Dakota
35%
August 1, 1876 Colorado
30%
October 31, 1864 Nevada
30%
May 29, 1848 Wisconsin
30%
No matching quizzes found
Score Distribution
Percent of People with Each Score
Percentile by Number Answered
Your Score History
You have not taken this quiz